Normal view
MARC view
Entry Personal Name
001 - CONTROL NUMBER
- control field: 10385
003 - CONTROL NUMBER IDENTIFIER
- control field: dpl
005 - DATE AND TIME OF LATEST TRANSACTION
- control field: 20100810155702.0
008 - FIXED-LENGTH DATA ELEMENTS
- fixed length control field: 100810|||a|||||| | ||| d
040 ## - CATALOGING SOURCE
- Original cataloging agency: dpl
- Transcribing agency: dpl
100 ## - HEADING--PERSONAL NAME
- Personal name: Pirabaharan, P.
670 ## - SOURCE DATA FOUND
- Source citation: Work cat.: (dpl): Pirabaharan, P., Engineering mathematics-III :, 2008
670 ## - SOURCE DATA FOUND
- Source citation: Work cat.: (dpl): Pirabaharan, P., Engineering mathematics-III :, 2008
